00382nam a22001337a 4500008004100000040001800041041000800059100003600067245003200103260006100135300001800196650001200214650002200226130821s1936 enk gr eng  aCo-BoUCMbspa00aeng aEmerson, Ralph Waldod1803-188200aEssayscRalph Waldo Emerson aOxford (Oxfordshire, Inglaterra)bUniversity Pressc1936 a435 páginas04aEnsayos04aTrascendentalismo